Linková výroba vŕtacích hlavičiek Ejektor a BTA

Bibliographic Details
Main Authors: Šandora, Jozef, 1937- (Author), Nedielka, Zdeno (Author)
Format: Article
Language:Slovak
PhysicalDescription:Obr. 7. Tb. 1.
Subjects:

MARC

LEADER 00000nab a2200000 a 4500
001 vtls000305792
003 SK-MaSNL
005 20260305014510.0
008 111202c1987 xo 0 slo
015 |a SNBRA19rr/mm-uuuuu 
035 |a CL0315911 
040 |a SNKBUCL  |b slo  |c SNKBUCL  |e AACR2 
041 0 |a slo 
044 |a xo  |c SK 
080 |a 621.951.002:658.512  |2 1981 
080 |a 658.512  |2 1981 
100 1 |a Šandora, Jozef,  |d 1937-  |4 aut  |9 209052 
245 1 0 |a Linková výroba vŕtacích hlavičiek Ejektor a BTA  |c Jozef Šandora, Zdeno Nedielka 
300 |b Obr. 7. Tb. 1. 
610 2 7 |a Závody ťažkého strojárstva (Dubnica nad Váhom, Slovensko)  |2 snkbucl  |9 35484 
650 0 7 |a náradie  |2 snkbucl  |9 3573 
650 0 7 |a hlavičky vŕtacie  |2 snkbucl  |9 1210181 
655 7 |a články zo zborníkov  |2 snkbucl  |9 166140 
700 1 |a Nedielka, Zdeno  |4 aut  |9 1592692 
773 0 |t Siedme nástrojárske dni  |d Bratislava : Dom techniky ČSVTS, 1987  |g S. 21-31 
850 |a Slovenská národná knižnica v Martine  |a MTA001 
852 |a SNK  |b KIS3GCP 
958 |a RK 
992 |a RZB 
999 |c 3269866  |d 3271796